[Event "Carballo Concello 6th"]
[Site "Carballo"]
[Date "2023.08.30"]
[Round "7"]
[White "Petkov, Vladimir"]
[Black "Sakulski, Bernard"]
[Result "1-0"]
[WhiteElo "2464"]
[BlackElo "1996"]
[PlyCount "77"]
[EventDate "2023.08.25"]
[EventType "swiss"]
[EventRounds "9"]
[EventCountry "ESP"]
[SourceTitle "EXT 2024"]
[Source "ChessBase"]
[SourceDate "2023.10.10"]
[SourceVersion "1"]
[SourceVersionDate "2023.10.10"]
[SourceQuality "1"]

1. d4 Nf6 2. Nf3 g6 3. g3 Bg7 4. Bg2 0-0 5. 0-0 d6 6. a4 c6 7. a5 Bg4 8. Nbd2 Qc8 9. Re1 Na6 10. c3 Nc7 11. e4 Rd8 12. Qc2 h6 13. b3 c5 14. dxc5 Nb5 15. c4 Qxc5 16. Bb2 Ne8 17. Qc1 Nbc7 18. Bxg7 Nxg7 19. h3 Bxf3 20. Nxf3 Kh7 21. e5 Nce6 22. exd6 Rxd6 23. Ne5 Rf8 24. Bxb7 Nd4 25. Qc3 f6 26. Nf3 e5 27. b4 Qc7 28. a6 Rfd8 29. c5 Ngf5 30. Be4 R6d7 31. Nxd4 Nxd4 32. Qc4 f5 33. Bg2 e4 34. b5 Rd5 35. Rec1 Qe5 36. b6 Ne6 37. bxa7 Rxc5 38. Qb4 Ra8 39. Qb7+ 1-0

[Event "Sanxenxo Carlos op 8th"]
[Site "Sanxenxo"]
[Date "2016.06.26"]
[Round "2"]
[White "Sakulski, Bernard"]
[Black "Larino Nieto, David"]
[Result "0-1"]
[WhiteElo "2035"]
[BlackElo "2484"]
[PlyCount "76"]
[EventDate "2016.06.25"]
[EventType "swiss"]
[EventRounds "9"]
[EventCountry "ESP"]
[SourceTitle "CBM 173 Extra"]
[Source "ChessBase"]
[SourceDate "2016.08.29"]
[SourceVersion "1"]
[SourceVersionDate "2016.08.29"]
[SourceQuality "1"]

1. e4 d6 2. f4 c5 3. Nc3 Nc6 4. Bb5 Nf6 5. Bxc6+ bxc6 6. Nf3 c4 7. Qe2 d5 8. Ne5 Bb7 9. b3 cxb3 10. axb3 e6 11. exd5 Nxd5 12. Ne4 Be7 13. 0-0 0-0 14. Bb2 Nf6 15. Ng3 Bc5+ 16. Kh1 Bd4 17. Bxd4 Qxd4 18. Ra4 Qd5 19. Rf3 a5 20. f5 Rfe8 21. Re3 Qb5 22. Ng4 Nxg4 23. Qxg4 exf5 24. Qg5 Rxe3 25. Qxe3 c5 26. h3 Re8 27. Qf2 g6 28. Rc4 Re5 29. Ra4 h5 30. d3 Qe8 31. Kh2 Bc6 32. Rf4 Qe7 33. d4 Re6 34. dxc5 h4 35. Nxf5 gxf5 36. Rxh4 Rg6 37. g3 Qe5 38. Qd2 Qxg3# 0-1

[Event "Sanxenxo Carlos op 7th"]
[Site "Sanxenxo"]
[Date "2015.06.21"]
[Round "2"]
[White "Suarez Gomez, Julio"]
[Black "Sakulski, Bernard"]
[Result "1-0"]
[WhiteElo "2400"]
[BlackElo "2047"]
[PlyCount "55"]
[EventDate "2015.06.20"]
[EventType "swiss"]
[EventRounds "9"]
[EventCountry "ESP"]
[SourceTitle "CBM 167 Extra"]
[Source "ChessBase"]
[SourceDate "2015.09.14"]
[SourceVersion "1"]
[SourceVersionDate "2015.09.14"]
[SourceQuality "1"]

1. e4 d5 2. exd5 Qxd5 3. Nc3 Qa5 4. Bc4 c6 5. d3 Nf6 6. Bd2 Qb6 7. Bb3 Na6 8. Nf3 Bf5 9. Ne5 e6 10. g4 Qd4 11. f4 Bg6 12. Qe2 0-0-0 13. h4 h5 14. g5 Nd7 15. Bxe6 Bd6 16. Bxd7+ Rxd7 17. Nxd7 Kxd7 18. 0-0-0 Re8 19. Qf3 Bf5 20. Qxh5 g6 21. Qf3 Nb4 22. a3 Na6 23. Ne4 Rxe4 24. dxe4 Bxe4 25. Qh3+ Bf5 26. Qb3 Nc5 27. Qxf7+ Kc8 28. Qe8+ 1-0

[Event "Rhein Main op-A 15th"]
[Site "Bad Homburg"]
[Date "2012.06.08"]
[Round "4"]
[White "Hebbering, Tom Elliot"]
[Black "Sakulski, Bernard"]
[Result "1-0"]
[WhiteElo "1931"]
[BlackElo "2050"]
[PlyCount "51"]
[EventDate "2012.06.06"]
[EventType "swiss"]
[EventRounds "7"]
[EventCountry "GER"]
[SourceTitle "EXT 2013"]
[Source "ChessBase"]
[SourceDate "2012.11.22"]
[SourceVersion "1"]
[SourceVersionDate "2012.11.22"]
[SourceQuality "1"]

1. d4 Nf6 2. c4 g6 3. g3 Bg7 4. Bg2 0-0 5. Nc3 c6 6. e4 d6 7. Nf3 Nbd7 8. 0-0 e5 9. h3 Re8 10. Qc2 Qb6 11. Be3 Qa6 12. b3 b5 13. dxe5 dxe5 14. cxb5 cxb5 15. a4 bxa4 16. Rxa4 Qc6 17. Rc4 Qb7 18. Nd5 Nxd5 19. exd5 Qb8 20. Rc7 Bf8 21. Qc6 Rd8 22. Ng5 Nb6 23. Rxf7 Bh6 24. Rxh7 Bg7 25. Qxg6 Rd7 26. Rh8+ 1-0

[Event "Rhein Main op-A 14th"]
[Site "Bad Homburg"]
[Date "2011.06.23"]
[Round "2"]
[White "Sakulski, Bernard"]
[Black "Minor, Samuel"]
[Result "0-1"]
[WhiteElo "2036"]
[BlackElo "2210"]
[PlyCount "72"]
[EventDate "2011.06.22"]
[EventType "swiss"]
[EventRounds "7"]
[EventCountry "GER"]
[SourceTitle "EXT 2012"]
[Source "ChessBase"]
[SourceDate "2011.11.24"]
[SourceVersion "1"]
[SourceVersionDate "2011.11.24"]
[SourceQuality "1"]

1. e4 c5 2. Nf3 d6 3. d4 cxd4 4. Qxd4 Nc6 5. Bb5 Bd7 6. Bxc6 bxc6 7. Nc3 Qb6 8. Qd3 e5 9. 0-0 Nf6 10. a4 h6 11. a5 Qc7 12. Rd1 Be7 13. Nd2 0-0 14. Nc4 d5 15. Nd2 Be6 16. Re1 Rab8 17. b3 Rfd8 18. Qg3 Bb4 19. Na4 Bxd2 20. Bxd2 Nxe4 21. Rxe4 dxe4 22. Bxh6 f6 23. Nc5 Bf5 24. h4 Qf7 25. Be3 Qh5 26. Ra4 Kf7 27. Rc4 Rd1+ 28. Kh2 Rh8 29. f3 exf3 30. gxf3 g5 31. Nd3 gxh4 32. Qf2 h3 33. Rxc6 Rg8 34. Rc7+ Ke8 35. Ne1 Rg2+ 36. Nxg2 hxg2+ 0-1